| 000 | 00517nam a22001817a 4500 | ||
|---|---|---|---|
| 003 | LK-CoDNM | ||
| 005 | 20250107100524.0 | ||
| 008 | 250107b |||||||| |||| 00| 0 eng d | ||
| 040 |
_aLK-CoDNM _dLK-CoDNM _eLK-CoDNM |
||
| 041 | _aeng | ||
| 080 |
_a4 _bI5 |
||
| 100 | _aE. C. Case | ||
| 245 | _aNew Reptiles And Stegocephalians From The Upper Triassic Of Western texas. | ||
| 260 |
_aWashington _bThe Carnegie Institute of Washington _c1922 |
||
| 300 | _a84p. : ill , 24 cm | ||
| 650 | _aScience | ||
| 942 | _cBK | ||
| 999 |
_c235171 _d235171 |
||